| 000 | 00758nam a2200241 a 4500 | ||
|---|---|---|---|
| 001 | 10558 | ||
| 003 | CO-ViMGA | ||
| 008 | 141112s2004 ck r 000 u spa d | ||
| 020 | _a9586551954 | ||
| 040 |
_aCO-ViMGA _bspa _cCO-ViMGA |
||
| 082 | 0 | 4 | _a918.6211 U541 |
| 100 | 1 |
_aPimienta Restrepo ; Luz Eugenia, _914264 |
|
| 245 | 1 | 0 |
_aLa Unión : _bAntioquia |
| 250 | _a1 | ||
| 260 |
_aAntioquia : _bCornare - Iner, _c1995 |
||
| 300 | _a172p. | ||
| 650 | 1 | 4 |
_aADMINISTRACION Política _914265 |
| 650 | 1 | 4 |
_aLA UNION ANTIOQUIA - COLOMBIA _914266 |
| 650 | 1 | 4 |
_aLA UNION ANTIOQUIA - COLOMBIA - DESCRIPCION _914267 |
| 650 | 1 | 4 |
_aLA UNION ANTIOQUIA - CONDICIONES ECONOMICAS _914268 |
| 650 | 1 | 4 |
_aLA UNION ANTIOQUIA - CONDICIONES SOCIALES _914269 |
| 942 |
_2ddc _cBK |
||
| 999 |
_c21873 _d21873 |
||